| 000 | 00886nam a22002417a 4500 | ||
|---|---|---|---|
| 999 |
_c1375 _d1375 |
||
| 001 | 1375 | ||
| 003 | BD-JhCC | ||
| 005 | 20171022134050.0 | ||
| 008 | 171018s2012 bg ao||| |||| 000 0 ben d | ||
| 020 | _a9879849019268 | ||
| 035 | _a(BD-JhCC)1375 | ||
| 040 |
_aBD-JhCC _dBD-JhCC |
||
| 041 | _aben | ||
| 082 |
_a891.4425 _bLOR 2012 |
||
| 100 | _aলোরকা, ফেদেরিকো গারসিয়া | ||
| 245 |
_aরক্ত ও অশ্রুর গাথা / _cফেদেরিকো গারসিয়া লোরকা; সাজ্জাদ শরিফ (অনু.) |
||
| 260 |
_aঢাকা: _bপ্রথমা প্রকাশন, _c২০১২. |
||
| 300 |
_a১৩৫ পৃ. : _bill. ; _c২২ সেমি. |
||
| 650 | _aBengali Poetry | ||
| 700 | _aশরিফ, সাজ্জাদ | ||
| 942 |
_2ddc _cBK |
||